Modern and Postmodern Philosophers - Statistics

General Stats
  • This quiz has been taken 67 times
  • The average score is 10 of 20
Answer Stats
Book Author % Correct
Discipline and Punish Michel Foucault
79%
The Origins of Totalitarianism Hannah Arendt
75%
A Theory of Justice John Rawls
75%
L'Homme révolté (The Rebel) Albert Camus
70%
Simulacra and Simulation Jean Baudrillard
70%
Of Grammatology Jacques Derrida
68%
Gender Trouble: Feminism and the Subversion of Identity Judith Butler
66%
The Sublime Object of Ideology Slavoj Žižek
59%
The Open Society and Its Enemies Karl Popper
54%
Anarchy, State, and Utopia Robert Nozick
54%
The Structure of Scientific Revolutions Thomas Kuhn
48%
The Postmodern Condition Jean-François Lyotard
46%
Minima Moralia Theodor W. Adorno
45%
Reading Capital Louis Althusser
41%
The Trouble with Being Born Emil Cioran
38%
The Theory of Communicative Action Jürgen Habermas
32%
Naming and Necessity Saul Kripke
32%
Against Method: Outline of an Anarchistic Theory of Knowledge Paul Feyerabend
25%
Fanged Noumena Nick Land
23%
Speech Acts John Searle
16%
No matching quizzes found
Score Distribution
Percent of People with Each Score
Percentile by Number Answered
Your Score History
You have not taken this quiz